Statistics for Click on the Female Singers Real Name

Click here to take the quiz!

General Stats

  • This quiz has been taken 122 times
  • The average score is 9 of 15

Answer Stats

HintAnswer% Correct
Katy PerryKatheryn Hudson
85%
CherCherilyn Sarkisian
79%
Doris DayDoris Kappelhoff
79%
Lady GagaStefani Germanotta
78%
Donna SummerLaDonna Gaines
73%
Nicki MinajOnika Maraj-Petty
73%
RihannaRobyn Fenty
70%
Cilla BlackPriscilla White
61%
PinkAlecia Beth Moore
59%
Alicia KeysAlicia Augello Cook
57%
Tina TurnerAnna Mae Bullock
54%
DidoFlorian Cloud de Bounevialle O'Malley Armstrong
54%
Cardi BBelcalis Marlenis Almánzar
53%
Siouxsie SiouxSusan Ballion
40%
Debbie HarryAngela Trimble
31%

Score Distribution

Percentile by Number Answered

Percent of People with Each Score

Your Score History

You have not taken this quiz